[Event "Challenge"]
[Site "http://www.queenalice.com/game.php?id=572095"]
[Date "2009.4.15"]
[Round "-"]
[White "cmnetto"]
[Black "avp07"]
[Result "1-0"]
[WhiteElo "1779"]
[BlackElo "1715"]

1. d4 c6 2. Nf3 d6 3. g3 Bg4 4. Bg2 Bxf3 5. Bxf3 Na6 6. O-O e5 7. c3 exd4 8.
Qxd4 Nf6 9. Bf4 Be7 10. e4 O-O 11. Rd1 d5 12. exd5 Nxd5 13. Bxd5 Qxd5 14. Qxd5
cxd5 15. Rxd5 Rad8 16. Rxd8 Rxd8 17. Nd2 Bd6 18. Be3 Bc5 19. Re1 h6 20. Ne4 Bxe3
21. Rxe3 b6 22. b4 f5 23. b5 Nc7 24. c4 fxe4 25. Rxe4 a5 26. Re7 Rc8 27. a4 Kf8
28. Rd7 Ne6 29. Rd6 Nc5 30. Rxb6 Nxa4 31. Ra6 Rxc4 32. Rxa5 Rb4 33. Kg2 Nc3 34.
Ra8+ Kf7 35. Ra7+ Kg6 36. Ra6+ Kh7 37. b6 Nd5 38. f4 Rb2+ 39. Kh3 Nxb6 40. Ra1
Nd5 41. Rh1 h5 42. Kh4 Rb5 43. Re1 Nf6 44. Re5 Rb2 45. Kh3 Kh6 46. Re6 Rb3 47.
Kh4 Kg6 48. h3 Rb5 49. Re5 Rb8 50. Rg5+ Kh6 51. Re5 Rh8 52. Re6 Kg6 53. Re7 Nd5
54. Re6+ Kf5 55. Re5+ Kf6 56. Rxd5 g6 57. g4 hxg4+ 58. Kxg4 Ke6 59. Rg5 Kf6 60.
h4 Rc8 61. h5 gxh5+ 62. Rxh5 Rc4 63. Rh6+ Kg7 64. Rh5 Kf6 65. Rf5+ Kg6 66. Rg5+
Kh6 67. Re5 Ra4 68. Rg5 Rc4 69. Kf5 Rc5+ 70. Kf6 Rc6+ 71. Kf5 Rc5+ 72. Kg4 Rc4
73. Rd5 Rc6 74. Rd8 Kg6 75. f5+ Kf7 76. Kg5 Rc5 77. Rd7+ Ke8 78. Ra7 Kf8 79. Kg6
Rc6+ 80. f6 Kg8 81. Ra8+ Rc8 82. Rxc8# 1-0

[Event "Challenge"]
[Site "http://www.queenalice.com/game.php?id=576846"]
[Date "2009.4.24"]
[Round "-"]
[White "antcabral"]
[Black "avp07"]
[Result "0-1"]
[WhiteElo "1690"]
[BlackElo "1679"]

1. e4 e5 2. Qh5 Nc6 3. Bc4 g6 4. Qf3 Qf6 5. Qxf6 Nxf6 6. f3 a6 7. c3 Bc5 8. Nh3
d6 9. Ng5 Nd8 10. d3 h6 11. Nh3 Be6 12. Bd2 Bxh3 13. gxh3 b5 14. Bb3 O-O 15.
Bxh6 Re8 16. Nd2 c6 17. O-O-O Ne6 18. Rhf1 Kh7 19. Bxe6 Rxe6 20. Bg5 Kg7 21. h4
d5 22. Nb3 Bb6 23. d4 Nh7 24. Be3 Nf6 25. h5 Nxh5 26. exd5 cxd5 27. a3 exd4 28.
cxd4 Rxe3 29. Na1 Rc8+ 30. Kb1 Re2 31. f4 Rxh2 32. Nb3 Rcc2 33. Na1 Rxb2+ 34.
Kc1 Ra2 35. Nb3 Rxa3 36. Nd2 Bxd4 37. Kc2 Ng3 38. Rfe1 Ra2+ 39. Kd3 Nf5 40. Re8
Rh3+ 41. Ke2 Raa3 42. Rc1 Rh2+ 43. Kd1 Ne3+ 44. Ke1 Ra2 45. Rd1 Nc2+ 46. Kf1
Ne3+ 47. Ke1 Nxd1 48. Kxd1 Ra1+ 49. Kc2 Ra2+ 50. Kd1 Rhxd2+ 51. Ke1 Rh2 0-1

[Event "Challenge"]
[Site "http://www.queenalice.com/game.php?id=577123"]
[Date "2009.4.24"]
[Round "-"]
[White "pipa"]
[Black "avp07"]
[Result "0-1"]
[WhiteElo "1713"]
[BlackElo "1672"]

1. Nf3 Nc6 2. Nc3 e5 3. e4 Nf6 4. Bd3 d5 5. Nxd5 Nxd5 6. exd5 Qxd5 7. Qe2 Bd6 8.
Be4 Qe6 9. O-O O-O 10. c3 f5 11. Bc2 e4 12. Nd4 Qe5 13. Nxc6 Qxh2# 0-1

[Event "Challenge"]
[Site "http://www.queenalice.com/game.php?id=580618"]
[Date "2009.5.1"]
[Round "-"]
[White "avp07"]
[Black "knight401"]
[Result "1/2-1/2"]
[WhiteElo "1702"]
[BlackElo "1555"]

1. e4 e5 2. c3 Nf6 3. d3 h6 4. Nd2 Be7 5. d4 exd4 6. cxd4 d5 7. Bd3 dxe4 8. Nxe4
Qxd4 9. Nxf6+ Bxf6 10. Qe2+ Be6 11. Nf3 Qb4+ 12. Nd2 Nc6 13. Bf5 Nd4 14. Qe4 O-O
15. Bxe6 fxe6 16. a3 Qc5 17. O-O c6 18. Qg6 Ne2+ 19. Kh1 Nf4 20. Qg4 Nd3 21. Ne4
Qf5 22. Qxf5 exf5 23. Nxf6+ Rxf6 24. f3 Re8 25. g3 Re2 26. Kg1 Nxc1 27. Raxc1
Rxb2 28. Rfd1 Rb3 29. Rd7 Rxa3 30. Rxb7 Rxf3 31. Rxa7 h5 32. Kg2 Rd3 33. Rc7 g5
34. R1xc6 Rxc6 35. Rxc6 Kf7 36. Ra6 f4 37. Ra5 fxg3 38. Rxg5 gxh2 39. Rxh5 Rd2+
40. Kh1 Kg6 41. Rxh2 Rxh2+ 42. Kxh2 Kf5 1/2-1/2

[Event "Challenge"]
[Site "http://www.queenalice.com/game.php?id=585959"]
[Date "2009.5.10"]
[Round "-"]
[White "pipa"]
[Black "avp07"]
[Result "0-1"]
[WhiteElo "1727"]
[BlackElo "1698"]

1. Nf3 Nc6 2. g3 Nf6 3. Bh3 e5 4. O-O d5 5. Bg2 Bd6 6. d3 Be6 7. c3 d4 8. c4 a6
9. a3 O-O 10. e4 dxe3 11. Bxe3 Ng4 12. Bd2 Bc5 13. Bb4 Nxf2 14. Rxf2 Bxf2+ 15.
Kxf2 Nxb4 16. d4 Bg4 17. Nc3 exd4 18. Nd5 Nxd5 19. cxd5 Qxd5 20. h3 Bxf3 21.
Bxf3 Qe5 22. Bxb7 Rab8 23. Qf3 Qf6 24. Kg1 Qxf3 25. Bxf3 Rxb2 26. a4 d3 27. Bd1
Re8 28. Rc1 Re1# 0-1

[Event "Let's Play Chess!"]
[Site "http://www.queenalice.com/game.php?id=635776"]
[Date "2009.8.15"]
[Round "-"]
[White "Gee_eM_Doggy"]
[Black "avp07"]
[Result "0-1"]
[WhiteElo "1258"]
[BlackElo "1696"]

1. e4 c6 2. d4 d5 3. exd5 cxd5 4. c4 Nf6 5. Nc3 e6 6. Nf3 Bb4 7. Be3 dxc4 8.
Bxc4 Bxc3+ 9. bxc3 O-O 10. Qc2 a6 0-1

[Event "Let's Play Chess!"]
[Site "http://www.queenalice.com/game.php?id=635837"]
[Date "2009.8.15"]
[Round "-"]
[White "Gee_eM_Doggy"]
[Black "avp07"]
[Result "0-1"]
[WhiteElo "1307"]
[BlackElo "1714"]

1. e4 e5 2. Nf3 Nc6 3. Bb5 d6 4. d4 a6 5. Bxc6+ bxc6 6. dxe5 d5 7. Nc3 Bb4 8.
Qd4 Bxc3+ 9. Qxc3 Qd7 10. exd5 Qxd5 0-1

[Event "Challenge"]
[Site "http://www.queenalice.com/game.php?id=636684"]
[Date "2009.8.15"]
[Round "-"]
[White "avp07"]
[Black "salvioluiz"]
[Result "1-0"]
[WhiteElo "1695"]
[BlackElo "1761"]

1. e4 e5 2. c3 Qf6 3. Qf3 Qxf3 4. Nxf3 Nf6 5. Nxe5 Nxe4 6. d3 Bd6 7. Bf4 O-O 8.
dxe4 Nc6 9. Nxc6 dxc6 10. Bxd6 cxd6 11. Bc4 b5 12. Be2 Re8 13. Bf3 d5 14. Nd2
Rd8 15. O-O dxe4 16. Bxe4 Rxd2 17. Bxc6 Rxb2 18. Bxa8 1-0

[Event "AUTO-OPEN-1750"]
[Site "http://www.queenalice.com/game.php?id=678225"]
[Date "2009.11.5"]
[Round "1"]
[White "avp07"]
[Black "lk"]
[Result "0-1"]
[WhiteElo "1716"]
[BlackElo "1854"]

1. e4 c5 2. Nc3 d6 3. Nf3 Nc6 4. Bb5 Bd7 5. Bxc6 Bxc6 6. d4 e6 7. O-O d5 8. dxc5
Bxc5 9. Ne5 Qf6 10. Nxc6 bxc6 11. exd5 cxd5 12. Qf3 Qe7 13. Qg3 f5 14. Bg5 Nf6
15. Rae1 O-O 16. Qe5 Rae8 17. Bxf6 Qxf6 18. Na4 Bd4 19. Qxf6 Rxf6 20. c3 Bb6 21.
Nxb6 axb6 22. a4 e5 23. b4 Kf7 24. g3 f4 25. a5 b5 26. Rd1 Ke6 27. a6 Ra8 28.
Ra1 Kf5 0-1

[Event "AUTO-OPEN-1750"]
[Site "http://www.queenalice.com/game.php?id=678226"]
[Date "2009.11.5"]
[Round "1"]
[White "lk"]
[Black "avp07"]
[Result "1-0"]
[WhiteElo "1864"]
[BlackElo "1706"]

1. d4 d6 2. c4 c6 3. Nc3 Nf6 4. Bg5 e6 5. Nf3 Be7 6. e3 Nbd7 7. Bd3 O-O 8. O-O
c5 9. Qc2 b6 10. Ne4 Nxe4 11. Bxe7 Qxe7 12. Bxe4 Rb8 13. Bxh7+ Kh8 14. Bd3 cxd4
15. Rae1 Bb7 16. Be4 Bxe4 17. Qxe4 e5 18. Ng5 Qxg5 19. f4 Qg6 20. f5 Qf6 21. Rf3
Kg8 22. Rg3 Nc5 23. Qf3 Nd3 24. Re2 Nc1 25. Rd2 dxe3 26. Qxe3 Nxa2 27. Rg5 1-0

[Event "AUTO-OPEN-1750"]
[Site "http://www.queenalice.com/game.php?id=678229"]
[Date "2009.11.5"]
[Round "1"]
[White "avp07"]
[Black "rangelzintjf"]
[Result "0-1"]
[WhiteElo "1725"]
[BlackElo "2202"]

1. e4 e5 2. c3 d5 3. exd5 Qxd5 4. Qf3 e4 5. c4 exf3 6. cxd5 fxg2 7. Bxg2 Na6 8.
Nc3 Nb4 9. Be4 Nf6 10. a3 Nxe4 11. axb4 Bf5 12. Nxe4 Bxe4 13. f3 Bxd5 14. d4
Bxb4+ 15. Bd2 Bxd2+ 16. Kxd2 O-O 17. Re1 Rfe8 18. Rxe8+ Rxe8 19. Nh3 Bxf3 20.
Nf4 Bxh1 21. h4 Re4 22. Ne2 Rxh4 23. d5 Bxd5 24. b4 Rxb4 25. Nc3 h5 26. Nxd5
Rd4+ 27. Ke3 Rxd5 28. Ke4 Ra5 29. Kd4 h4 30. Kc4 h3 31. Kb4 Rg5 32. Ka4 h2 33.
Kb4 h1=Q 34. Kb3 Qh3+ 35. Kb2 Rg2+ 36. Kb1 Qh1# 0-1

[Event "AUTO-OPEN-1750"]
[Site "http://www.queenalice.com/game.php?id=678230"]
[Date "2009.11.5"]
[Round "1"]
[White "rangelzintjf"]
[Black "avp07"]
[Result "1-0"]
[WhiteElo "2224"]
[BlackElo "1716"]

1. e4 c6 2. d4 e6 3. e5 d5 4. Bd3 c5 5. c3 Nc6 6. Nf3 cxd4 7. cxd4 Bb4+ 8. Nc3
Bxc3+ 9. bxc3 Nh6 10. Bxh6 gxh6 11. Qd2 h5 12. Qh6 Rf8 13. Qxh7 Kd7 14. Qxh5 Qe7
15. Rb1 a6 16. O-O b5 17. Qg5 f6 18. exf6 Rxf6 19. Ne5+ Nxe5 20. dxe5 Rf7 21.
Qxe7+ Kxe7 22. f4 Rg7 23. a4 Bb7 24. axb5 d4 25. g3 dxc3 26. Rfc1 axb5 27. Rxc3
Ra2 28. Rxb5 Ba6 29. Rc7+ Kf8 30. Rb8+ Bc8 31. Rbxc8# 1-0

[Event "Challenge"]
[Site "http://www.queenalice.com/game.php?id=683144"]
[Date "2009.11.14"]
[Round "-"]
[White "thedead"]
[Black "avp07"]
[Result "0-1"]
[WhiteElo "1659"]
[BlackElo "1702"]

1. e4 e5 2. Nf3 Nc6 3. d3 Nf6 4. h3 Bc5 5. Be2 O-O 6. c3 d5 7. Nbd2 a6 8. O-O
Be6 9. Qc2 b5 10. a3 a5 11. Re1 b4 12. Nf1 Qd6 13. Bd2 bxc3 14. bxc3 d4 15. a4
h6 16. Ng3 dxc3 17. Bxc3 Nd4 18. Bxd4 Bxd4 19. Rac1 c5 20. Bd1 Rab8 21. Qd2 Rb2
22. Qxa5 Bxf2+ 23. Kh2 Bxe1 24. Nxe1 h5 25. Nxh5 Nxh5 26. Bxh5 Bxh3 27. Kxh3 Qh6
28. Kg4 g6 29. Bxg6 Qxg6+ 30. Kh3 Kg7 31. Qxc5 Rh8# 0-1

[Event "Challenge"]
[Site "http://www.queenalice.com/game.php?id=720980"]
[Date "2010.1.26"]
[Round "-"]
[White "avp07"]
[Black "tkasper"]
[Result "0-1"]
[WhiteElo "1723"]
[BlackElo "1648"]

1. e4 e5 2. c3 Nc6 3. d4 Nf6 4. d5 Na5 5. b4 c6 6. bxa5 Qxa5 7. Ne2 Qb6 8. Be3
Bc5 9. Bxc5 Qxc5 10. d6 Nxe4 11. f3 Qf2# 0-1

[Event "Challenge"]
[Site "http://www.queenalice.com/game.php?id=720981"]
[Date "2010.1.26"]
[Round "-"]
[White "avp07"]
[Black "dossoman"]
[Result "0-1"]
[WhiteElo "1704"]
[BlackElo "1617"]

1. e4 e5 2. c3 d5 3. exd5 Qxd5 4. c4 Qe4+ 5. Qe2 Qxe2+ 6. Bxe2 Nc6 7. d3 Bf5 8.
Nc3 O-O-O 9. Bg5 f6 10. g4 Bxd3 11. Be3 Bb4 12. Rd1 Bxc3+ 13. bxc3 Bxe2 14.
Rxd8+ Kxd8 15. Nxe2 Nge7 16. O-O Kc8 17. g5 Na5 18. c5 Nc4 19. gxf6 gxf6 20. Ng3
Rd8 21. f4 Nxe3 22. Rf3 Rd1+ 23. Kf2 Ng4+ 24. Ke2 Ra1 25. fxe5 Rxa2+ 26. Ke1
fxe5 27. h3 Nh6 28. Re3 a5 29. Rxe5 Kd7 30. Rh5 Nhg8 31. Rxh7 a4 32. Rg7 a3 33.
Rxg8 Nxg8 34. Ne2 Rxe2+ 35. Kxe2 a2 36. Kd3 a1=Q 37. Kd4 Nf6 38. h4 Qe1 39. Kc4
Qe4+ 40. Kb3 Nd5 41. c4 Qd3+ 42. Ka4 Qxc4+ 43. Ka5 Qb4# 0-1

[Event "Challenge"]
[Site "http://www.queenalice.com/game.php?id=722442"]
[Date "2010.1.29"]
[Round "-"]
[White "avp07"]
[Black "tkasper"]
[Result "1-0"]
[WhiteElo "1679"]
[BlackElo "1654"]

1. e4 e5 2. c3 d6 3. d4 Bd7 4. Bd3 Be7 5. Be3 Nf6 6. Nf3 Nc6 7. O-O O-O 8. b4 a6
9. d5 Nb8 10. c4 b5 11. c5 dxc5 12. bxc5 Bg4 13. h3 Bh5 14. Be2 Nxe4 15. Nxe5
Bg5 16. Bxh5 Bxe3 17. fxe3 g6 18. Bf3 f5 19. Bxe4 fxe4 20. Rxf8+ Qxf8 21. d6 Qd8
22. Nc3 Ra7 23. Qd5+ Kh8 24. Nf7+ Kg7 25. Nxd8 cxd6 26. Qxd6 Nd7 27. Rf1 Kh6 28.
Nf7+ Kg7 29. Qd4+ Nf6 30. Qxf6+ Kg8 31. Qh8# 1-0

[Event "Challenge"]
[Site "http://www.queenalice.com/game.php?id=723592"]
[Date "2010.1.31"]
[Round "-"]
[White "avp07"]
[Black "dossoman"]
[Result "0-1"]
[WhiteElo "1704"]
[BlackElo "1645"]

1. e4 e5 2. c3 d5 3. exd5 Qxd5 4. Qf3 e4 5. c4 exf3 6. cxd5 fxg2 7. Bxg2 Nf6 8.
Nc3 a6 9. d3 Nbd7 10. Bf4 Nc5 11. Ke2 Bf5 12. Be4 Ncxe4 13. dxe4 Nxe4 14. Nxe4
Bxe4 15. Nf3 O-O-O 16. Rac1 Bd6 17. Bxd6 Rxd6 18. Rc3 Re8 19. Rhc1 Bf5+ 20. Kd2
Rxd5+ 21. Nd4 Rxd4+ 22. Rd3 Rxd3+ 23. Kc2 Rf3+ 24. Kd1 Rxf2 25. Rc5 Bg4+ 26. Kc1
Re1# 0-1

[Event "Challenge"]
[Site "http://www.queenalice.com/game.php?id=725005"]
[Date "2010.2.3"]
[Round "-"]
[White "avp07"]
[Black "dossoman"]
[Result "0-1"]
[WhiteElo "1691"]
[BlackElo "1784"]

1. e4 e5 2. Nf3 Nc6 3. c3 d5 4. Bb5 dxe4 5. Bxc6+ bxc6 6. Nxe5 Qg5 7. d4 Qxg2 8.
Rf1 Bh3 9. Qe2 Qxf1+ 10. Qxf1 Bxf1 11. Kxf1 Bd6 12. Nxc6 Kd7 13. d5 f5 14. Nd2
Nf6 15. Nc4 Nxd5 16. N6e5+ Ke6 17. f4 g5 18. Nxd6 cxd6 19. Nc6 gxf4 20. Nd4+ Ke5
21. Bd2 f3 22. Re1 Kf6 23. Kf2 Rhg8 24. c4 Rg2+ 25. Kf1 Rxd2 26. cxd5 Rg8 27.
Ne6 Rgg2 28. Nf4 Rdf2# 0-1

[Event "Challenge"]
[Site "http://www.queenalice.com/game.php?id=725006"]
[Date "2010.2.3"]
[Round "-"]
[White "dossoman"]
[Black "avp07"]
[Result "1-0"]
[WhiteElo "1771"]
[BlackElo "1704"]

1. e4 e5 2. f4 exf4 3. Nf3 c6 4. d4 d5 5. Nc3 Bb4 6. exd5 Qe7+ 7. Be2 Bxc3+ 8.
bxc3 cxd5 9. Bxf4 Nf6 10. O-O Ne4 11. Qd3 Bf5 12. Qb5+ Nc6 13. Ne5 O-O 14. Nxc6
bxc6 15. Qa5 g5 16. Be5 f6 17. Rxf5 fxe5 18. Rxe5 Qf6 19. Rf1 Nf2 20. Bf3 Rae8
21. Rxf2 Rxe5 22. dxe5 Qxe5 23. c4 Qd4 24. Qa3 g4 25. Bxd5+ cxd5 26. Qxf8# 1-0

[Event "Challenge"]
[Site "http://www.queenalice.com/game.php?id=725060"]
[Date "2010.2.3"]
[Round "-"]
[White "dossoman"]
[Black "avp07"]
[Result "1-0"]
[WhiteElo "1748"]
[BlackElo "1704"]

1. d4 d5 2. c4 dxc4 3. e3 f6 4. Bxc4 e5 5. Qb3 Nh6 6. dxe5 fxe5 7. e4 Bc5 8. Nf3
Bd7 9. Bg5 Be7 10. Bxh6 gxh6 11. Nxe5 Rf8 12. Bf7+ Rxf7 13. Qxf7# 1-0